| 000 | 00614nam a2200205Ia 4500 | ||
|---|---|---|---|
| 003 | IN-BaIIA | ||
| 008 | 211028s9999 xx 000 0 eng d | ||
| 020 | _a0-07-045506-6 | ||
| 040 | _cIIA Library | ||
| 080 |
_a535 _bPAR |
||
| 245 | 0 |
_aOptics source book _cedited by Sybil P. Parker |
|
| 260 |
_aNew York _bMcGraw-Hill _c1987 |
||
| 300 | _a399p | ||
| 490 | _aThe McGraw-Hill Science Reference Series | ||
| 650 | _aAstronomy and Astrophysics Thesaurus | ||
| 650 |
_aOptical Properties _93730 |
||
| 650 | _aOptics | ||
| 700 |
_aParker, Sybil P. ed _913089 |
||
| 942 | _cBK | ||
| 999 |
_c10582 _d10582 |
||